Guía para el diseño de puentes vehiculares en Costa Rica

Enregistré dans:
Détails bibliographiques
Auteur principal: Anchía Delgado, Rodrigo de Jesús
Format: Livre
Langue:Spanish
Sujets:
Tags: Ajouter un tag
Pas de tags, Soyez le premier à ajouter un tag!

MARC

LEADER 00000nam a22000007a 4500
003 012920
005 20221231144348.0
008 180911b2018 cr a|||| |m|| 00| ||spa d
040 |c cru CEDI 
090 |a TFG 8072 
100 |9 13821  |a Anchía Delgado, Rodrigo de Jesús 
245 |a Guía para el diseño de puentes vehiculares en Costa Rica  
500 |a Proyecto de graduación (licenciatura en ingeniería civil)--Universidad de Costa Rica. Facultad de Ingeniería. Escuela de Ingeniería Civil 
501 |a Director del Proyecto. Ing. Rolando castillo Barahona, PhD. 
650 |x PUENTES - DISEÑO   |x CONSTRUCCION DE PUENTES  |x ESPECIFICACIONES TECNICAS  |x LICITACION PUBLICA  |x LICITACIONES   |x CONTRATOS ADMINISTRATIVOS   |x  COSTA RICA  |9 13822 
942 |c TFG 
999 |c 20746  |d 20746